000 00254nam a2200109Ia 4500
008 190912s9999||||xx |||||||||||||| ||und||
100 _aNobes,Christopher
245 0 _aPocket Accouting
260 _aItaly
_bMcGraw-Hill
_c1998
300 _a185
942 _cBK
999 _c7801
_d7801